000 00874nam a2200253 i 4500
001 146372
003 ES-MaACL
005 20250814015824.0
007 t|
008 070907s1986 sp ||||1| spa d
020 _a84-7102-990-1
080 _a58
245 0 0 _aTratado de botánica /
_credactado inicialmente por E. Strasburger ... [et al.] ; refundido por Dietrich von Denffer ... [et al.].
250 _a7ª ed. española /
_btrad. de la reimp. 1985, por el Dr. Oriol de Bolós.
260 _aBarcelona :
_bMarín,
_c1986.
300 _aXVI, 1098 p., [2] h. de mapas col. :
_bil. ;
_c25 cm.
504 _aBibliografía: p. 1047-1078.
650 7 _aBotánica
_2embne
_910610
700 1 _aStrasburger, E.
_9108375
700 1 _aDenffer, Dietrich von.
_943687
700 1 _aBolòs, Oriol de.
_930002
852 4 _aES-MaACL
_jL-11228
999 _c146372
_d146372